000 00612nam a2200181Ia 4500
008 100920s9999 xx 000 0 und d
082 _b84140
_a700 न 02
100 _aबडे पद्मजा.
245 _aशालीन कशिदाकारी.
260 _bइंद्रायणी साहित्य प्रकाशन,पुणे---.
_c2002
300 _a104
_bसाधी
365 _b60
520 _aकला.
630 _aशालीन कशिदाकारी.
650 _aकला.
730 _aशालीन कशिदाकारी.
942 _cBOOK
999 _c724726
_d724723